A stratégiai menedzsment szerepe egy budapesti szállodánál

Bibliographic Details
Main Author: Pasztuhov Renáta
Other Authors: Marosán Dr György
Format: Thesis
Kulcsszavak:Stratégiai menedzsment
Szállodaipar
Budapest
Marketing
Online Access:http://dolgozattar.uni-bge.hu/3842

MARC

LEADER 00000nta a2200000 i 4500
001 dolg3842
005 20170306095746.0
008 151212suuuu hu om 000 hun d
040 |a BGE Dolgozattár Repozitórium  |b hun 
041 |a hu 
100 1 |a Pasztuhov Renáta 
245 1 2 |a A stratégiai menedzsment szerepe egy budapesti szállodánál  |c Pasztuhov Renáta  |h [elektronikus dokumentum] 
695 |a Stratégiai menedzsment 
695 |a Szállodaipar 
695 |a Budapest 
695 |a Marketing 
700 1 |a Marosán Dr György  |e ths 
856 4 0 |u http://dolgozattar.uni-bge.hu/3842/1/szakdolgazat.pdf  |z Dokumentum-elérés